| 000 | 00601nam a22001935i 4500 | ||
|---|---|---|---|
| 001 | 171627 | ||
| 003 | ES-MaACL | ||
| 005 | 20230906214700.0 | ||
| 008 | 090522s1970 sp |||| | cat d | ||
| 080 | _a946"19"(093.32) | ||
| 080 | _a929 Soldevila, Fernando | ||
| 100 | 1 |
_aSoldevila, Ferran. _9107111 |
|
| 245 | 1 | 0 |
_aAl llarg de la meva vida / _cFerran Soldevila. |
| 250 | _a[1ª ed.]. | ||
| 260 |
_aBarcelona : _bEdicions 62, _c[1970] |
||
| 300 |
_a542 p. : _b1 retr. aut. ; _c18 cm. |
||
| 651 | 4 |
_aEspaña- _xHistoria- _yS.XX- _vRelatos personales. _98365 |
|
| 852 |
_aES-MaACL _jC-50578 _9R.73422 |
||
| 999 |
_c171627 _d171627 |
||